000
00226 a2200097 4500
001
49410
100
_a
Kirst, Hans
245
_a
The Night of the Generals
260
_a
London
_b
Collins & James Place
_c
090
_c
31948
_d
31948
942
_a
NUST-CAE
_c
M
_c
24389
999
_c
284483
_d
284483